000 00526nam a2200157Ia 4500
008 190805s9999||||xx |||||||||||||| ||und||
020 _a9788173665516
_cRs. 600.00
082 0 4 _a658.78
_bH2247
100 1 _aHariharan, K. V.
245 1 2 _aA Textbook on Container and Multimodal Transport Management /
_cK. V. Hariharan
260 _aMumbai :
_bShroff Publishers & Distributers Pvt. Ltd.,
_c2002
300 _axiv, 498 p.
_b : ill.
_c; 22 cm.
650 0 _aContainerization
_vTextbooks
942 _cBK
999 _c418
_d418